000 02241cam a22005174i 4500
003 PE-LiUPU
005 20250731173334.0
008 150616s r 000 0 d
035 _a(Sirsi) a468
040 _aPE-LiUPU
_bspa
_cPE-LiUPU
_erda
049 _aPRUA
082 0 4 _a262.0985
_bM38
_221
100 1 _aMeiklejohn, Norman,
_eautor.
245 1 3 _aLa iglesia y los lupaqas de chucuito durante la colonia /
_cNorman Meiklejohn.
264 1 _aCusco :
_bCentro de Est. Rurales Andinos "Bartolomé de las casas",
_c1988.
300 _a284 páginas ;
_c24 cm
336 _atext
_2rdacontent
337 _aunmediated
_2rdamedia
338 _avolume
_2rdacarrier
490 0 _aArchivos de historia andina ;
_v7
500 _aTraducción de: The church and the Lupaqa of Chucuito in the colonial period
504 _aIncluye bibliografía.
505 0 _aChucuito perenne -- Chucuito bajo los dominicos,1547-1573 -- Los obispos de la Paz. Su actuación pastoral en pro de los Lupaqas -- Los canónigos capitulares de la paz se interesan poco por los lupaqas -- Los curas y sus ayudantes: algunos buscaban el provecho espiritual de sus ovejas -- Los jesuitas de Juli: doctrineros modelo -- ¿Los lupaqas fueron evangelizados o solamente cristianizados?.
526 _aSEG42
526 _aSEG41
526 _aSEG40
526 _aSEG39
526 _aP94
526 _aP87
526 _aP86
526 _aP85
526 _aP77
526 _aP76
526 _aP35
650 1 4 _aIglesia Católica
_xMisiones
_zPerú
_yEpoca Colonial.
650 1 4 _aIndigenas Aimaras
_xMisiones
_zPuno
_ySiglo XVI.
650 1 4 _aIndígenas collas
_xMisiones
_zPerú
_ySiglo XVI.
650 2 4 _aEvangelización
_zPerú - Chucuito (Puno)
_ySiglo XVI.
910 _ajck
_bjvq
_cjck
942 _2ddc
_cBOOK
949 _a262.0985 M38
_wDEWEY
_c1
_i30870
_lCCODEBUL1
_mBUL
_p00.00
_r0
_sY
_tBOOK
_u19891107
_xTEOLOGIA
_zUNKNOWN
_0COMPRA
_o.STAFF. Colección General
994 _aC0
_bPEPRU
596 _a1
999 _a262.0985 M38
_wDEWEY
_c48937
_i30870
_f2021-11-10
_g5
_lCCODEBUL1
_mBUL
_r0
_sY
_tBOOK
_u2015-6-16
_xTEOLOGIA
_zUNKNOWN
_0COMPRA
_o.STAFF. Colección General
_d48937
980 _81
_gALBERTO SANCHEZ Responsable de Automatización